Poruchy staveb a jejich příčiny Aplikace ve spotřebním družstevnictví
Guardado en:
| Autor principal: | |
|---|---|
| Formato: | Libro |
| Lenguaje: | checo |
| Publicado: |
Praha
Svépomoc
1987
|
| Edición: | 1. vyd. |
| Etiquetas: |
Sin Etiquetas, Sea el primero en etiquetar este registro!
|
MARC
| LEADER | 00000nam a2200000 4500 | ||
|---|---|---|---|
| 001 | c040965 | ||
| 005 | 20221219103134.8 | ||
| 041 | 0 | |a cze | |
| 044 | |a CZ | ||
| 245 | 1 | 0 | |a Poruchy staveb a jejich příčiny |b Aplikace ve spotřebním družstevnictví |c Miloslav Drda |
| 250 | |a 1. vyd. | ||
| 264 | 1 | |a Praha |b Svépomoc |c 1987 | |
| 300 | |a 243 s. |e 4. príl. | ||
| 100 | 1 | |a Drda, Miloslav | |